Santiago en 1910 : París en América /

El autor entrega una serie de notas a propósito del primer centenario, que van dando cuenta como la ciudad de Santiago se fue transformando de ser "para el recién llegado extranjero una apartada y triste población" a una urbe poseedora de una paseo como la Alameda de las Delicias, "paseo que, sin ru...

Descripción completa

Detalles Bibliográficos
Autor principal: Martínez Lemoine, René
Formato: Analitica de revista
Lenguaje:español
Publicado: Santiago, Chile La Dirección 2009

MARC

LEADER 00000cab a2200000 a 4500
001 035931
003 UAHC_CL
005 20170803123931.0
008 100225s2009 cl 000 spa
040 |a UAHC_CL  |c UAHC_CL  |d UAHC_CL 
100 1 |a Martínez Lemoine, René 
245 1 0 |a Santiago en 1910 :  |b París en América /  |c René Martínez Lemoine. 
260 |b La Dirección  |a Santiago, Chile  |c 2009 
300 |a p. 32-34 
500 |a En: Patrimonio Cultural, nû51 (2009). p. 32-34. ISSN 07171501. 
500 |a En: Patrimonio Cultural, n°51 (2009). p. 32-34. ISSN 07171501. 
500 |a En: Patrimonio Cultural, nç51 (2009). p. 32-34. ISSN 07171501. 
520 |a El autor entrega una serie de notas a propósito del primer centenario, que van dando cuenta como la ciudad de Santiago se fue transformando de ser "para el recién llegado extranjero una apartada y triste población" a una urbe poseedora de una paseo como la Alameda de las Delicias, "paseo que, sin rubor, puede envidiarnos para sí, la más pintada ciudad de la culta Europa". 
520 |a El autor entrega una serie de notas a propósito del primer centenario, que van dando cuenta como la ciudad de Santiago se fue transformando de ser "para el recién llegado extranjero una apartada y triste población" a una urbe poseedora de una paseo como la Alameda de las Delicias, "paseo que, sin rubor, puede envidiarnos para sí, la más pintada ciudad de la culta Europa". 
759 |a PP098 
773 0 |t Patrimonio cultural  |g Invierno 2008, p. 12-13 
773 0 |t Patrimonio cultural : revista de la dirección de bibliotecas, archivos y museos.  |w 035858 
900 |a PATRIMONIO CULT.-51/09 
942 |c REVA 
952 |0 0  |1 0  |4 0  |6 PATRIMONIO_CULT_51_09_000000000000000  |7 0  |8 General  |9 68454  |a BC  |b BC  |c General  |d 2017-08-03  |l 0  |o PATRIMONIO CULT.-51/09  |p FICTICIO4573  |r 2019-01-08 00:00:00  |t 1  |w 2017-08-03  |y REVA 
999 |c 35931  |d 35931